[Event "Oktoberfest op"]
[Site "Kitchener CAN"]
[Date "2008.10.18"]
[Round "3"]
[White "Fiedler, Brian"]
[Black "Morrison, Kyle"]
[Result "1/2-1/2"]
[WhiteElo "2144"]
[BlackElo "2205"]
[PlyCount "49"]
[GameId "2160767910302976"]
[EventDate "2008.10.17"]
[EventType "swiss"]
[EventRounds "5"]
[EventCountry "CAN"]
[SourceTitle "EXT 2011"]
[Source "ChessBase"]
[SourceDate "2011.11.26"]
[SourceVersion "1"]
[SourceVersionDate "2011.11.26"]
[SourceQuality "1"]

1. Nf3 c5 2. c4 Nf6 3. Nc3 e6 4. g3 b6 5. Bg2 Bb7 6. O-O Be7 7. Re1 a6 8. e4 d6 9. d4 cxd4 10. Nxd4 Qc7 11. Be3 Nbd7 12. f4 O-O 13. Rc1 Rfe8 14. Bf2 Rac8 15. b3 h5 16. h3 h4 17. g4 d5 18. e5 Ne4 19. Nxe4 dxe4 20. Bxe4 Bxe4 21. Rxe4 b5 22. Re1 bxc4 23. Rxc4 Qb7 24. Rxc8 Rxc8 25. Qf3 1/2-1/2

[Event "Oktoberfest op"]
[Site "Kitchener CAN"]
[Date "2008.10.18"]
[Round "3"]
[White "Filipovich, David"]
[Black "Touboulic, Julien"]
[Result "1/2-1/2"]
[WhiteElo "2224"]
[BlackElo "2197"]
[PlyCount "32"]
[GameId "2160767910302977"]
[EventDate "2008.10.17"]
[EventType "swiss"]
[EventRounds "5"]
[EventCountry "CAN"]
[SourceTitle "EXT 2011"]
[Source "ChessBase"]
[SourceDate "2011.11.26"]
[SourceVersion "1"]
[SourceVersionDate "2011.11.26"]
[SourceQuality "1"]

1. Nf3 c5 2. g3 Nc6 3. Bg2 g6 4. O-O Bg7 5. c4 d6 6. Nc3 e6 7. e3 Nge7 8. d4 O-O 9. dxc5 dxc5 10. Qc2 Nb4 11. Qb3 Nec6 12. Rd1 Bd7 13. Rd2 Qc8 14. a3 Na6 15. Nb5 h6 16. Qd1 Rd8 1/2-1/2

[Event "Oktoberfest op"]
[Site "Kitchener CAN"]
[Date "2008.10.18"]
[Round "3"]
[White "Henry, Liam"]
[Black "Van Run, Jan"]
[Result "1-0"]
[WhiteElo "2247"]
[BlackElo "2056"]
[PlyCount "57"]
[GameId "2160767910302979"]
[EventDate "2008.10.17"]
[EventType "swiss"]
[EventRounds "5"]
[EventCountry "CAN"]
[SourceTitle "EXT 2011"]
[Source "ChessBase"]
[SourceDate "2011.11.26"]
[SourceVersion "1"]
[SourceVersionDate "2011.11.26"]
[SourceQuality "1"]

1. e4 d5 2. exd5 Nf6 3. Bb5+ Bd7 4. Be2 Nxd5 5. d4 c6 6. Nf3 Bg4 7. O-O e6 8. c4 Nf6 9. Nc3 g6 10. h3 Bxf3 11. Bxf3 Bg7 12. Be3 O-O 13. Qd2 Nbd7 14. Rad1 Nb6 15. b3 Qc7 16. Bf4 Qd7 17. Rfe1 Rad8 18. a4 Rfe8 19. Qe3 Qc8 20. Bg5 Qc7 21. Qe5 Qxe5 22. dxe5 Rxd1 23. Rxd1 Nfd7 24. a5 Nxe5 25. axb6 Nxf3+ 26. gxf3 Bxc3 27. bxa7 f6 28. Be3 g5 29. Bb6 1-0

[Event "Oktoberfest op"]
[Site "Kitchener CAN"]
[Date "2008.10.18"]
[Round "3"]
[White "Humphreys, Michael"]
[Black "Dougherty, Michael"]
[Result "1-0"]
[WhiteElo "2052"]
[BlackElo "2300"]
[PlyCount "37"]
[GameId "2160767910302980"]
[EventDate "2008.10.17"]
[EventType "swiss"]
[EventRounds "5"]
[EventCountry "CAN"]
[SourceTitle "EXT 2011"]
[Source "ChessBase"]
[SourceDate "2011.11.26"]
[SourceVersion "1"]
[SourceVersionDate "2011.11.26"]
[SourceQuality "1"]

1. Nf3 d5 2. g3 c6 3. Bg2 Nf6 4. O-O Bg4 5. b3 Nbd7 6. Bb2 a5 7. a3 e6 8. d3 Bc5 9. Nbd2 O-O 10. c4 Qe7 11. Qc1 Rfd8 12. Bc3 e5 13. e3 e4 14. dxe4 dxe4 15. Nd4 Ne5 16. Nxe4 Nxe4 17. Bxe4 Bxd4 18. exd4 Nxc4 19. Re1 1-0

[Event "Oktoberfest op"]
[Site "Kitchener CAN"]
[Date "2008.10.18"]
[Round "3"]
[White "Mayo, Alvah"]
[Black "Hambleton, Aman"]
[Result "0-1"]
[WhiteElo "2125"]
[BlackElo "2058"]
[PlyCount "52"]
[GameId "2160767910302981"]
[EventDate "2008.10.17"]
[EventType "swiss"]
[EventRounds "5"]
[EventCountry "CAN"]
[SourceTitle "EXT 2011"]
[Source "ChessBase"]
[SourceDate "2011.11.26"]
[SourceVersion "1"]
[SourceVersionDate "2011.11.26"]
[SourceQuality "1"]

1. e4 e6 2. Qe2 c5 3. f4 Nc6 4. Nf3 d6 5. c3 g6 6. d3 Bg7 7. g4 Nge7 8. Bg2 f5 9. gxf5 exf5 10. exf5 Bxf5 11. Ng5 Qd7 12. Bd5 O-O-O 13. Be6 Bxe6 14. Nxe6 Nf5 15. Nxg7 Rhe8 16. Nxe8 Rxe8 17. Qxe8+ Qxe8+ 18. Kd1 g5 19. Re1 Qh5+ 20. Re2 gxf4 21. Bxf4 Qf3 22. Bd2 b5 23. Na3 Ncd4 24. cxd4 Nxd4 25. Nc2 Qxe2+ 26. Kc1 Nf3 0-1

[Event "Oktoberfest op"]
[Site "Kitchener CAN"]
[Date "2008.10.18"]
[Round "3"]
[White "Olheiser, Gordon"]
[Black "McDonald, Justin"]
[Result "0-1"]
[WhiteElo "2081"]
[BlackElo "2029"]
[PlyCount "68"]
[GameId "2160767910302982"]
[EventDate "2008.10.17"]
[EventType "swiss"]
[EventRounds "5"]
[EventCountry "CAN"]
[SourceTitle "EXT 2011"]
[Source "ChessBase"]
[SourceDate "2011.11.26"]
[SourceVersion "1"]
[SourceVersionDate "2011.11.26"]
[SourceQuality "1"]

1. Nf3 Nf6 2. c4 g6 3. g3 Bg7 4. Bg2 O-O 5. Nc3 e6 6. O-O d5 7. d3 d4 8. Nb5 Nc6 9. Bg5 a6 10. Na3 Ne7 11. Nc2 c5 12. Rb1 a5 13. a3 a4 14. b4 axb3 15. Rxb3 h6 16. Bxf6 Bxf6 17. Nd2 Nc6 18. Qb1 Qc7 19. Qb2 Bd8 20. Rb1 Na5 21. Rb5 Bd7 22. a4 Bxb5 23. Qxb5 Rb8 24. Na3 f5 25. Nb3 Nxb3 26. Qxb3 Qe5 27. Qc2 f4 28. Rxb7 Bg5 29. Rxb8 Qxb8 30. g4 Qb4 31. Nb5 Qe1+ 32. Bf1 Bh4 33. e4 fxe3 34. Qe2 Qxf2+ 0-1

[Event "Oktoberfest op"]
[Site "Kitchener CAN"]
[Date "2008.10.18"]
[Round "3"]
[White "Plotkin, Victor"]
[Black "Drkulec, Vladimir"]
[Result "1-0"]
[WhiteElo "2304"]
[BlackElo "2028"]
[PlyCount "53"]
[GameId "2160767910302983"]
[EventDate "2008.10.17"]
[EventType "swiss"]
[EventRounds "5"]
[EventCountry "CAN"]
[SourceTitle "EXT 2011"]
[Source "ChessBase"]
[SourceDate "2011.11.26"]
[SourceVersion "1"]
[SourceVersionDate "2011.11.26"]
[SourceQuality "1"]

1. e4 e5 2. Nf3 Nc6 3. Bc4 Bc5 4. O-O Nf6 5. Re1 O-O 6. c3 Bb6 7. d3 h6 8. Nbd2 d6 9. Nf1 Ng4 10. Re2 Be6 11. h3 Bxc4 12. dxc4 Nf6 13. g4 Ne7 14. Ng3 Kh7 15. g5 Nfg8 16. Kh2 Ng6 17. Nf5 Nf4 18. Bxf4 exf4 19. gxh6 g6 20. Qg1 Qf6 21. N5d4 Kxh6 22. Qg4 Rfe8 23. Rg1 c5 24. Nf5+ gxf5 25. Qxf4+ Kh7 26. Ng5+ Kh8 27. Qh4+ 1-0

[Event "Oktoberfest op"]
[Site "Kitchener CAN"]
[Date "2008.10.19"]
[Round "4"]
[White "Drkulec, Vladimir"]
[Black "Fiedler, Brian"]
[Result "1-0"]
[WhiteElo "2028"]
[BlackElo "2144"]
[PlyCount "77"]
[GameId "2160767910302984"]
[EventDate "2008.10.17"]
[EventType "swiss"]
[EventRounds "5"]
[EventCountry "CAN"]
[SourceTitle "EXT 2011"]
[Source "ChessBase"]
[SourceDate "2011.11.26"]
[SourceVersion "1"]
[SourceVersionDate "2011.11.26"]
[SourceQuality "1"]

1. d4 Nf6 2. c4 g6 3. Nc3 Bg7 4. e4 d6 5. f3 O-O 6. Be3 e5 7. Nge2 c6 8. Qb3 Nbd7 9. O-O-O Qa5 10. Kb1 a6 11. Nc1 b5 12. d5 bxc4 13. Bxc4 Rb8 14. Qc2 c5 15. Ka1 Nh5 16. g4 Nf4 17. N3e2 Nxe2 18. Nxe2 f5 19. gxf5 gxf5 20. Rhg1 Kh8 21. Bg5 fxe4 22. Qxe4 Nf6 23. Qh4 e4 24. Bh6 Bxh6 25. Qxh6 Rf7 26. fxe4 Qb4 27. b3 Bg4 28. Qc1 Bxe2 29. Bxe2 Nd7 30. Bg4 Qxe4 31. Bxd7 Qe5+ 32. Qb2 Qxb2+ 33. Kxb2 Rxd7 34. Rde1 Rf7 35. Rg2 Rf5 36. Rd2 Rb4 37. Re6 Rd4 38. Rg2 h5 39. Rh6# 1-0

[Event "Oktoberfest op"]
[Site "Kitchener CAN"]
[Date "2008.10.19"]
[Round "4"]
[White "McDonald, Justin"]
[Black "Dougherty, Michael"]
[Result "1/2-1/2"]
[WhiteElo "2029"]
[BlackElo "2300"]
[PlyCount "115"]
[GameId "2160767910302985"]
[EventDate "2008.10.17"]
[EventType "swiss"]
[EventRounds "5"]
[EventCountry "CAN"]
[SourceTitle "EXT 2011"]
[Source "ChessBase"]
[SourceDate "2011.11.26"]
[SourceVersion "1"]
[SourceVersionDate "2011.11.26"]
[SourceQuality "1"]

1. e4 c5 2. f4 e6 3. Nf3 a6 4. c4 Nc6 5. Nc3 g6 6. d3 Bg7 7. Be3 Nd4 8. e5 Qb6 9. Na4 Nxf3+ 10. gxf3 Qa5+ 11. b4 Qd8 12. bxc5 Ne7 13. Nb6 Nf5 14. Bf2 Rb8 15. d4 d6 16. Qa4+ Kf8 17. Nxc8 dxc5 18. Nd6 Nxd6 19. exd6 Qxd6 20. Rd1 Qxf4 21. Qa3 Rc8 22. Bg3 Qg5 23. dxc5 Kg8 24. Kf2 h5 25. h4 Qxc5+ 26. Qxc5 Rxc5 27. Bd6 Ra5 28. a3 Bb2 29. Bb4 Ra4 30. Rd8+ Kg7 31. Rxh8 Kxh8 32. Be2 Bxa3 33. Bxa3 Rxa3 34. Rb1 b5 35. cxb5 axb5 36. Rxb5 Ra7 37. Bd3 Kg7 38. Be4 Rc7 39. Rb7 Rxb7 40. Bxb7 f5 41. f4 Kf6 42. Ke3 e5 43. Bf3 exf4+ 44. Kxf4 Kg7 45. Kg5 Kh7 46. Kf6 Kh8 47. Bd5 Kh7 48. Kg5 Kg7 49. Bc4 Kh7 50. Kf6 Kh8 51. Kg5 Kg7 52. Bb3 Kh7 53. Bf7 Kg7 54. Be8 Kh7 55. Bxg6+ Kh8 56. Kh6 f4 57. Bxh5 f3 58. Bxf3 1/2-1/2

[Event "Oktoberfest op"]
[Site "Kitchener CAN"]
[Date "2008.10.19"]
[Round "4"]
[White "Morrison, Kyle"]
[Black "Humphreys, Michael"]
[Result "1/2-1/2"]
[WhiteElo "2205"]
[BlackElo "2052"]
[PlyCount "38"]
[GameId "2160767910302986"]
[EventDate "2008.10.17"]
[EventType "swiss"]
[EventRounds "5"]
[EventCountry "CAN"]
[SourceTitle "EXT 2011"]
[Source "ChessBase"]
[SourceDate "2011.11.26"]
[SourceVersion "1"]
[SourceVersionDate "2011.11.26"]
[SourceQuality "1"]

1. e4 c5 2. c3 Nf6 3. e5 Nd5 4. d4 cxd4 5. Nf3 Nc6 6. Bc4 Nb6 7. Bb3 d5 8. exd6 Qxd6 9. O-O Be6 10. Bxe6 Qxe6 11. Nxd4 Nxd4 12. Qxd4 Rd8 13. Qh4 Nc4 14. b3 Ne5 15. Be3 a6 16. Nd2 Qg4 17. Qxg4 Nxg4 18. Nc4 Nxe3 19. Nxe3 e6 1/2-1/2

[Event "Oktoberfest op"]
[Site "Kitchener CAN"]
[Date "2008.10.19"]
[Round "4"]
[White "Plotkin, Victor"]
[Black "Hartman, Brian"]
[Result "1/2-1/2"]
[WhiteElo "2304"]
[BlackElo "2440"]
[PlyCount "129"]
[GameId "2160767910302987"]
[EventDate "2008.10.17"]
[EventType "swiss"]
[EventRounds "5"]
[EventCountry "CAN"]
[SourceTitle "EXT 2011"]
[Source "ChessBase"]
[SourceDate "2011.11.26"]
[SourceVersion "1"]
[SourceVersionDate "2011.11.26"]
[SourceQuality "1"]

1. e4 e5 2. Nf3 Nc6 3. Bc4 Nf6 4. d3 Be7 5. O-O O-O 6. Re1 d6 7. c3 a6 8. Bb3 Bg4 9. h3 Bh5 10. Nbd2 Nd7 11. Nf1 Nc5 12. Bc2 Ne6 13. Ng3 Bxf3 14. Qxf3 g6 15. Bh6 Re8 16. Qg4 Bg5 17. Bxg5 Qxg5 18. Qxg5 Nxg5 19. Nf1 Ne6 20. Ne3 Kg7 21. g3 Rf8 22. Nd5 Rae8 23. f4 Ne7 24. Nxe7 Rxe7 25. Rf1 f6 26. Rad1 exf4 27. gxf4 g5 28. fxg5 fxg5 29. Rxf8 Nxf8 30. Rf1 Ng6 31. d4 h6 32. Kh2 Re6 33. b4 Nf4 34. a4 Ne2 35. Bd3 Nf4 36. Bc2 c6 37. Rf2 Re7 38. a5 Re8 39. h4 Rf8 40. hxg5 hxg5 41. Kg3 Rh8 42. e5 dxe5 43. dxe5 Re8 44. Rxf4 gxf4+ 45. Kxf4 Rh8 46. Bf5 Kf7 47. Ke4 Ke7 48. Kd4 Kd8 49. c4 Kc7 50. Ke4 Rh4+ 51. Kd3 Rf4 52. Be4 Rf1 53. Kd4 Rf2 54. Kc5 Rd2 55. Bf3 Rb2 56. Bh1 Kd7 57. Bf3 Rf2 58. Bg4+ Kc7 59. Bh3 Rf4 60. Bg2 Rg4 61. Bf3 Rg5 62. Kd4 Kd7 63. b5 axb5 64. cxb5 cxb5 65. Bxb7 1/2-1/2

[Event "Oktoberfest op"]
[Site "Kitchener CAN"]
[Date "2008.10.19"]
[Round "4"]
[White "Van Run, Jan"]
[Black "Touboulic, Julien"]
[Result "1/2-1/2"]
[WhiteElo "2056"]
[BlackElo "2197"]
[PlyCount "27"]
[GameId "2160767910302989"]
[EventDate "2008.10.17"]
[EventType "swiss"]
[EventRounds "5"]
[EventCountry "CAN"]
[SourceTitle "EXT 2011"]
[Source "ChessBase"]
[SourceDate "2011.11.26"]
[SourceVersion "1"]
[SourceVersionDate "2011.11.26"]
[SourceQuality "1"]

1. b3 d5 2. e3 Nf6 3. Bb2 c6 4. f4 Bg4 5. Be2 Bxe2 6. Qxe2 e6 7. Nf3 Nbd7 8. d3 Qc7 9. Nbd2 Bd6 10. g3 O-O-O 11. O-O-O e5 12. fxe5 Nxe5 13. e4 Rde8 14. Nxe5 1/2-1/2

[Event "Oktoberfest op"]
[Site "Kitchener CAN"]
[Date "2008.10.19"]
[Round "5"]
[White "Dougherty, Michael"]
[Black "Mayo, Alvah"]
[Result "1-0"]
[WhiteElo "2300"]
[BlackElo "2125"]
[PlyCount "93"]
[GameId "2160767910302990"]
[EventDate "2008.10.17"]
[EventType "swiss"]
[EventRounds "5"]
[EventCountry "CAN"]
[SourceTitle "EXT 2011"]
[Source "ChessBase"]
[SourceDate "2011.11.26"]
[SourceVersion "1"]
[SourceVersionDate "2011.11.26"]
[SourceQuality "1"]

1. d4 g6 2. e4 Bg7 3. c4 c5 4. d5 d6 5. Nc3 Nf6 6. h3 b5 7. cxb5 a6 8. a4 Nbd7 9. Nf3 O-O 10. Bd2 axb5 11. Bxb5 Ba6 12. O-O Bxb5 13. axb5 Rb8 14. Qe2 Ne8 15. Rab1 Nc7 16. b4 Bxc3 17. Bxc3 Nxb5 18. Ba1 cxb4 19. Rxb4 Qa5 20. Rfb1 Na3 21. Rxb8 Nxb8 22. Rb7 Nc4 23. Bd4 Qa6 24. Rxe7 Ne5 25. Qxa6 Nxf3+ 26. gxf3 Nxa6 27. Rd7 Nb4 28. Rxd6 Nc2 29. Bf6 Ne1 30. f4 Re8 31. Kh2 h6 32. Kg3 Rb8 33. Rd8+ Rxd8 34. Bxd8 Kf8 35. Bf6 Ke8 36. Bc3 Nd3 37. Kf3 Nc5 38. Bb4 Nd3 39. Bd2 f5 40. e5 g5 41. fxg5 Nxe5+ 42. Kf4 Nd3+ 43. Ke3 Ne5 44. gxh6 Kf7 45. Kf4 Nd3+ 46. Kxf5 Nxf2 47. d6 1-0

[Event "Oktoberfest op"]
[Site "Kitchener CAN"]
[Date "2008.10.19"]
[Round "5"]
[White "Filipovich, David"]
[Black "McDonald, Justin"]
[Result "1-0"]
[WhiteElo "2224"]
[BlackElo "2029"]
[PlyCount "49"]
[GameId "2160767910302991"]
[EventDate "2008.10.17"]
[EventType "swiss"]
[EventRounds "5"]
[EventCountry "CAN"]
[SourceTitle "EXT 2011"]
[Source "ChessBase"]
[SourceDate "2011.11.26"]
[SourceVersion "1"]
[SourceVersionDate "2011.11.26"]
[SourceQuality "1"]

1. Nf3 Nf6 2. g3 g6 3. Bg2 Bg7 4. O-O O-O 5. d4 d6 6. c4 Nbd7 7. Qc2 c5 8. Nc3 a6 9. e4 cxd4 10. Nxd4 Qc7 11. b3 Ng4 12. Nd5 Qd8 13. Rd1 e6 14. Ne3 Nge5 15. f4 Nc6 16. Nxc6 bxc6 17. Bb2 Qb6 18. Kf2 Nf6 19. h3 Rd8 20. Rxd6 Rxd6 21. c5 Qb4 22. cxd6 Nxe4+ 23. Bxe4 Bxb2 24. Qxb2 Qxe4 25. Ng4 1-0

[Event "Oktoberfest op"]
[Site "Kitchener CAN"]
[Date "2008.10.19"]
[Round "5"]
[White "Henry, Liam"]
[Black "Hartman, Brian"]
[Result "1/2-1/2"]
[WhiteElo "2247"]
[BlackElo "2440"]
[PlyCount "143"]
[GameId "2160767910302992"]
[EventDate "2008.10.17"]
[EventType "swiss"]
[EventRounds "5"]
[EventCountry "CAN"]
[SourceTitle "EXT 2011"]
[Source "ChessBase"]
[SourceDate "2011.11.26"]
[SourceVersion "1"]
[SourceVersionDate "2011.11.26"]
[SourceQuality "1"]

1. e4 e5 2. Nf3 Nc6 3. Bb5 a6 4. Bxc6 dxc6 5. d4 exd4 6. Qxd4 Qxd4 7. Nxd4 Bd7 8. Nc3 O-O-O 9. Be3 g6 10. O-O-O Bg7 11. f3 Ne7 12. Rd2 b6 13. Rhd1 Rhe8 14. Bg5 f6 15. Bf4 c5 16. Nde2 g5 17. Bg3 f5 18. Kb1 h6 19. Kc1 fxe4 20. Nxe4 Nf5 21. Bf2 Be5 22. c3 Nd6 23. Nxd6+ cxd6 24. Bg3 Kc7 25. Bxe5 Rxe5 26. Ng3 Bc6 27. Re2 Rde8 28. Rde1 Rxe2 29. Rxe2 Rxe2 30. Nxe2 d5 31. Kd2 Kd6 32. Ke3 Bb5 33. g3 Ke6 34. Nc1 Kf5 35. Nd3 a5 36. Nc1 a4 37. a3 Bc4 38. Nd3 h5 39. Nc1 h4 40. Nd3 Bxd3 41. Kxd3 b5 42. Ke3 Ke5 43. Kd3 d4 44. cxd4+ cxd4 45. Ke2 Ke6 46. Kd2 Kd6 47. Ke2 Kc5 48. Kd3 Kd5 49. gxh4 gxh4 50. f4 h3 51. f5 Ke5 52. f6 Kxf6 53. Kxd4 Kf5 54. Ke3 Ke5 55. Kf3 Kd4 56. Kg3 Kc4 57. Kxh3 Kb3 58. Kg3 Kxb2 59. h4 b4 60. h5 Kxa3 61. h6 b3 62. h7 b2 63. h8=Q b1=Q 64. Qa8 Qb3+ 65. Kf2 Ka2 66. Ke2 a3 67. Kd2 Ka1 68. Qh1+ Qb1 69. Qc1 Ka2 70. Qc2+ Qb2 71. Kd1 Ka1 72. Qc1+ 1/2-1/2

[Event "Oktoberfest op"]
[Site "Kitchener CAN"]
[Date "2008.10.19"]
[Round "5"]
[White "Humphreys, Michael"]
[Black "Plotkin, Victor"]
[Result "0-1"]
[WhiteElo "2052"]
[BlackElo "2304"]
[PlyCount "48"]
[GameId "2160767910302993"]
[EventDate "2008.10.17"]
[EventType "swiss"]
[EventRounds "5"]
[EventCountry "CAN"]
[SourceTitle "EXT 2011"]
[Source "ChessBase"]
[SourceDate "2011.11.26"]
[SourceVersion "1"]
[SourceVersionDate "2011.11.26"]
[SourceQuality "1"]

1. Nf3 Nf6 2. c4 e6 3. g3 c5 4. Bg2 Nc6 5. O-O Be7 6. d4 cxd4 7. Nxd4 O-O 8. Nc3 a6 9. e4 Qb6 10. Nb3 d6 11. Be3 Qc7 12. Na4 Nd7 13. Rc1 b6 14. Qe2 Bb7 15. f4 Nc5 16. Nbxc5 bxc5 17. f5 Bf6 18. g4 Qe7 19. Kh1 Rfe8 20. g5 Bxg5 21. e5 exf5 22. Rxf5 Bxe3 23. Qxe3 Nd4 24. Rg5 Bxg2+ 0-1

[Event "Oktoberfest op"]
[Site "Kitchener CAN"]
[Date "2008.10.19"]
[Round "5"]
[White "Van Run, Jan"]
[Black "Morrison, Kyle"]
[Result "1/2-1/2"]
[WhiteElo "2056"]
[BlackElo "2205"]
[PlyCount "95"]
[GameId "2160767910302995"]
[EventDate "2008.10.17"]
[EventType "swiss"]
[EventRounds "5"]
[EventCountry "CAN"]
[SourceTitle "EXT 2011"]
[Source "ChessBase"]
[SourceDate "2011.11.26"]
[SourceVersion "1"]
[SourceVersionDate "2011.11.26"]
[SourceQuality "1"]

1. b3 d5 2. e3 Nf6 3. Bb2 g6 4. Nf3 Bg7 5. c4 c5 6. cxd5 Qxd5 7. Nc3 Qf5 8. d4 O-O 9. Bd3 Qh5 10. h3 Nc6 11. dxc5 Rd8 12. Qe2 Bg4 13. O-O-O Bxf3 14. Qxf3 Qxc5 15. Kb1 Nb4 16. Bc4 Qa5 17. a3 Nc6 18. Rxd8+ Rxd8 19. Rd1 Rc8 20. Nd5 b5 21. b4 Qa6 22. Bb3 Nxd5 23. Bxd5 Nd8 24. Bb3 Bxb2 25. Kxb2 Qb6 26. Rd7 Kg7 27. Qe4 Qf6+ 28. Qd4 e5 29. Qd2 Ne6 30. Bxe6 Qxe6 31. Rxa7 Qf6 32. e4 Rc4 33. Rd7 Rxe4 34. Rd6 Qh4 35. Rd3 Rd4 36. Rxd4 exd4 37. g3 Qe4 38. f3 Qd5 39. Qd3 h5 40. h4 Kh7 41. Kc2 Qa2+ 42. Kd1 Qa1+ 43. Kd2 Qb2+ 44. Kd1 Qf2 45. f4 Kg8 46. Kc1 Qe1+ 47. Kc2 Qf2+ 48. Kd1 1/2-1/2

[Event "Olympiade"]
[Site "Charlesbourg CAN"]
[Date "2008.10.20"]
[Round "2"]
[White "Chiffot, Nicolas"]
[Black "Dube, Daniel"]
[Result "1-0"]
[WhiteElo "1814"]
[BlackElo "1699"]
[PlyCount "103"]
[GameId "2160767910303002"]
[EventDate "2008.10.13"]
[EventType "team"]
[EventRounds "6"]
[EventCountry "CAN"]

1. e4 c6 2. c4 d5 3. cxd5 cxd5 4. exd5 Nf6 5. Nc3 Nxd5 6. Nf3 Nc6 7. Bb5 e6 8. O-O Be7 9. Re1 O-O 10. d4 Bb4 11. Qd3 Be7 12. a3 Bd7 13. Ba4 a6 14. Bc2 f5 15. Bb3 Bc8 16. Bd2 Bf6 17. Nxd5 exd5 18. Ne5 Bxe5 19. dxe5 Be6 20. Rad1 Kh8 21. Bc1 Ne7 22. Bg5 Rf7 23. Qf3 Qa5 24. Bxe7 Rxe7 25. Bxd5 Bxd5 26. Qxd5 Qxd5 27. Rxd5 g6 28. f4 Rc8 29. Re2 Kg7 30. Red2 Rc4 31. g3 g5 32. b3 Re4 33. R5d4 Re3 34. R2d3 gxf4 35. gxf4 Rxd3 36. Rxd3 Kf7 37. Rd6 Rc7 38. Rf6+ Ke7 39. Rxf5 Rc1+ 40. Kf2 Rc2+ 41. Kg3 Rc3+ 42. Kg4 Rxb3 43. Rh5 b5 44. Rxh7+ Kf8 45. Kf5 Rxa3 46. Kf6 Kg8 47. Ra7 Rh3 48. Ra8+ Kh7 49. e6 Rh6+ 50. Kf7 Rh5 51. e7 Rf5+ 52. Ke6 1-0

[Event "Olympiade"]
[Site "Charlesbourg CAN"]
[Date "2008.10.27"]
[Round "3"]
[White "Drolet, Stephane"]
[Black "Fecteau, Martin"]
[Result "1-0"]
[WhiteElo "2129"]
[BlackElo "1976"]
[PlyCount "101"]
[GameId "2160767910303003"]
[EventDate "2008.10.13"]
[EventType "team"]
[EventRounds "6"]
[EventCountry "CAN"]

1. d4 d5 2. Nf3 Nf6 3. c4 c6 4. Nc3 e6 5. Bg5 Nbd7 6. e3 Qa5 7. Nd2 Bb4 8. Qc2 Ne4 9. Ndxe4 dxe4 10. Bf4 e5 11. Bg3 O-O 12. Be2 exd4 13. exd4 Nf6 14. O-O Bf5 15. Qc1 Bg6 16. a3 Be7 17. b4 Qd8 18. Qe3 Qd7 19. h3 Bd6 20. Be5 Rfe8 21. Qg3 Rad8 22. Rfd1 Qe6 23. Bxd6 Rxd6 24. Qe3 Red8 25. Rd2 a6 26. a4 h6 27. a5 Qd7 28. Rad1 Qe7 29. Na4 R6d7 30. Nc5 Rc7 31. Re1 Nd7 32. Nd3 Qf8 33. Nc5 Nxc5 34. bxc5 Rcd7 35. Red1 Rc7 36. Rc1 Rcd7 37. Bd1 Kh7 38. Bb3 f5 39. d5 f4 40. Qd4 Qf5 41. d6 Re8 42. Re1 e3 43. fxe3 fxe3 44. Rxe3 Rxe3 45. Qxe3 Qb1+ 46. Kh2 Bf5 47. Qc3 Kg8 48. Bc2 Qf1 49. Qe5 Rf7 50. d7 Bxc2 51. d8=Q+ 1-0

[Event "Olympiade"]
[Site "Charlesbourg CAN"]
[Date "2008.10.27"]
[Round "3"]
[White "Lessard, Claude"]
[Black "Beaudoin, Stephane"]
[Result "1-0"]
[WhiteElo "2111"]
[BlackElo "2171"]
[PlyCount "83"]
[GameId "2160767910303004"]
[EventDate "2008.10.13"]
[EventType "team"]
[EventRounds "6"]
[EventCountry "CAN"]

1. d4 Nf6 2. c4 e6 3. Nf3 c5 4. d5 exd5 5. cxd5 d6 6. Nc3 Be7 7. e4 O-O 8. h3 a6 9. a4 Qa5 10. Bd2 Nbd7 11. Bd3 Qc7 12. O-O Re8 13. b3 Nf8 14. Bf4 Ng6 15. Bh2 Nd7 16. Rc1 Bf6 17. Bb1 Rb8 18. b4 b5 19. bxc5 Nxc5 20. axb5 axb5 21. e5 Nxe5 22. Ne4 Qe7 23. Nxf6+ gxf6 24. Nd4 Qf8 25. Re1 Qg7 26. Re3 Qh6 27. Qe1 Bd7 28. Qd2 Kh8 29. Qc2 Ned3 30. Rxe8+ Rxe8 31. Rd1 f5 32. Qc3 b4 33. Qa1 Ne5 34. f4 f6 35. fxe5 fxe5 36. Nxf5 Qh5 37. Rf1 Bb5 38. Nxd6 Bxf1 39. Nxe8 Qxe8 40. Qxe5+ Qxe5 41. Bxe5+ Kg8 42. Kxf1 1-0

[Event "Olympiade"]
[Site "Charlesbourg CAN"]
[Date "2008.11.17"]
[Round "6"]
[White "Beaudoin, Stephane"]
[Black "Lessard, Claude"]
[Result "1-0"]
[WhiteElo "2173"]
[BlackElo "2094"]
[PlyCount "66"]
[GameId "2160767910303005"]
[EventDate "2008.10.13"]
[EventType "team"]
[EventRounds "6"]
[EventCountry "CAN"]

1. e4 b6 2. Nf3 e6 3. d4 Bb7 4. Bd3 g6 5. O-O Bg7 6. Nbd2 Ne7 7. e5 d5 8. Re1 c5 9. c3 O-O 10. Nf1 Nbc6 11. Bg5 Qd7 12. Qd2 cxd4 13. cxd4 a5 14. Ne3 f6 15. exf6 Bxf6 16. Bxf6 Rxf6 17. Ne5 Nxe5 18. dxe5 Rf4 19. g3 Rd4 20. Qe2 Kg7 21. Bb5 Bc6 22. Bxc6 Nxc6 23. Ng4 Qe7 24. Rac1 Re4 25. Qd1 Rxe1+ 26. Qxe1 Nd4 27. Qe3 Nf5 28. Qxb6 Ra7 29. Nf6 g5 30. Rc8 Qf7 31. Rg8+ Kh6 32. Rh8 Kg7 33. Rxh7+ Kg6 1-0

[Event "Oriole Summer"]
[Site "Toronto CAN"]
[Date "2008.06.22"]
[Round "5"]
[White "Zhan, Eric"]
[Black "Dattani, Dinesh"]
[Result "1/2-1/2"]
[WhiteElo "1550"]
[BlackElo "1327"]
[PlyCount "69"]
[GameId "2160767910354423"]
[EventDate "2008.06.22"]
[EventType "swiss"]
[EventRounds "5"]
[EventCountry "CAN"]

1. e4 e5 2. Nf3 Nc6 3. Bb5 a6 4. Ba4 Nf6 5. O-O b5 6. Bb3 Be7 7. Re1 O-O 8. h3 Bc5 9. c3 Bb6 10. d4 d6 11. Bg5 Ne7 12. dxe5 dxe5 13. Qxd8 Rxd8 14. Nxe5 Be6 15. Nd2 h6 16. Bxf6 gxf6 17. Nef3 Kh7 18. Bxe6 fxe6 19. Rad1 Ng6 20. Nb3 Nf4 21. Nbd4 Rg8 22. Kh1 Rxg2 23. Ne2 Rxf2 24. Rd7+ Kh8 25. Nxf4 Rxf3 26. Nxe6 Rg8 27. Kh2 Rf2+ 28. Kh1 Rxb2 29. Rf1 Rbg2 30. Nd4 Rd2 31. Rxf6 Rd1+ 32. Kh2 Rd2+ 33. Kh1 Rd1+ 34. Kh2 Rd2+ 35. Kh1 1/2-1/2